Current Consumer Buying Behavior

Trendy súčasnej spoločnosti: etnocentrizmus a nadmerná pôžitkárska spotreba. Spotrebiteľské správanie na Slovensku a jeho vlastnosti. Zameranie na spotrebu mladých spotrebiteľov - študentov.

Gespeichert in:
Bibliographische Detailangaben
1. Verfasser: Vokounová, Dana, 1962-
Format: Buchkapitel
Sprache:Englisch
Schlagworte:
Tags: Tag hinzufügen
Keine Tags, Fügen Sie das erste Tag hinzu!

MARC

LEADER 00000naa$a2200000$$$4500
001 0196173
005 20240502073316.5
041 0 |a eng 
044 |a SK 
245 1 0 |a Current Consumer Buying Behavior  |c Dana Vokounová 
520 |a Trendy súčasnej spoločnosti: etnocentrizmus a nadmerná pôžitkárska spotreba. Spotrebiteľské správanie na Slovensku a jeho vlastnosti. Zameranie na spotrebu mladých spotrebiteľov - študentov. 
610 2 0 |a správanie spotrebiteľa 
610 2 0 |a štýl životný 
610 2 0 |a typológia 
610 2 0 |a študenti 
610 2 0 |a spotreba 
100 1 |a Vokounová, Dana, 1962-